02865nab a2200445 i 450000100060000000300080000600500170001400600190003100700150005000800410006502200140010603500220012004000310014205000210017308000080019408200120020210000330021424501380024726400470038531000180043233600310045033700330048133800430051436200100055752010960056758800830166358800960174659001620184265000310200465000180203565000360205365000270208965000180211665000330213465500320216777301230219979700180232285600620234099900170240231370FINmELB20241216220643.0m o d | cr cnu||||||||230918c20019999mx tr p o 0 0spa d a1870-3925 a(OCoLC)1399430791 aFINmELBbspaerdacFINmELB 4aHM51b.L373 2001 a31604a3012231 aLara Rivero, Arturo,eautor.10aConvergencia tecnológica y nacimiento de las maquiladoras de tercera generación :bel caso Delphi-Juárez /cArturo Lara Rivero. 1aHermosillo :bEl Colegio de Sonora,c2001. aCuatrimestral atextobtxt2rdacontent/spa acomputadorabc2rdamedia/spa arecurso en líneabcr2rdacarrier/spa0 a1989- aEl objetivo de este trabajo es el de explicar el nacimiento de un moderno, inédito centro de investigación y desarrollo de autopartes electrónicas: Delphi - Juárez. La pregunta básica que guía este trabajo es la siguiente: ¿cuáles son las implicaciones de la convergencia tecnológica electrónica/automotriz sobre el número, distribución espacial y jerárquica de los proveedores? Esta convergencia tecnológica viene a revalorizar las antiguas funciones eléctricas (y tanto a los viejos proveedores de partes eléctricas maduras como a los proveedores de arneses) y a insertarlas en una nueva jerarquía tecnológica con interacciones más intensas entre proveedores de arneses, léase maquiladoras del sector autopartes electrónicos/eléctricos y las empresas propiamente automotrices. Resulta imprescindible leer la formación del centro de investigación y desarrollo Delphi-Juárez desde la perspectiva de los procesos de convergencia, resolución de desequilibrios tecnológicos y coevolución tecnológica del campo electrónico y automotriz. aDescripción basada en metadatos suministrados por el editor y otras fuentes. aDescripción basada en Región y sociedad, vol. 13, no. 21 (enero-julio, 2001), P. 47-77. aRecurso electrónico. Santa Fe, Arg.: elibro, 2023. Disponible vía World Wide Web. El acceso puede estar limitado para las bibliotecas afiliadas a elibro. 4aAutopartes electrónicas. 4aConvergencia. 4aDesequilibrios tecnológicos.I 4aEmpresas automotrices. 4aMaquiladoras. 4anvestigación y desarrollo. 4aArtículos electrónicos.1 tRegión y sociedad.xISSN1870-3925dHermosillo : El Colegio de Sonora.gvol. 13, no. 21 (enero-julio, 2001), p. 47-772 aelibro, Corp.40uhttps://elibro.net/ereader/politecnicointernacional/26170 c31370d31370